Statistiques concernant Naruto - Les Épéistes de la Brume

Cliquez ici pour prendre le quiz!

Statistiques générales

  • Ce quiz a été pris 51 fois
  • Le résultat moyen est 8 sur 20

Statistiques - réponses

Nom de l’arme de l’épéisteNom des épéistes% Correct
SamehadaKisame Hoshigaki
93%
KubikiribôchôZabuza Momochi
93%
KubikiribôchôSuigetsu Hôzuki
78%
Hiramekarei / Kabutowari / Kiba / Kubikiribôchô
/ Nuibari / Samehada / Shibuki
Mangetsu Hôzuki
68%
HiramekareiChôjûrô
59%
KubikiribôchôJûzô Biwa
49%
SamehadaKiller B
44%
KibaAmeryuri Ringo
41%
NuibariKushimaru Kuriare
39%
KibaRaïga Kurosuki
39%
SamehadaFuguki Suikazan
37%
ShibukiJinpachi Munashi
34%
KabutowariJinin Akebino
29%
HiramekareiKagura Karatchi
27%
NuibariHebiichigo
15%
SamehadaShizuma Hoshigaki
15%
KibaButan Kurosuki
10%
KubikiribôchôHassaku Onomichi
10%
KabutowariKyohô Fuefuki
10%
ShibukiIchorôta Oniyuzu
7%

Distribution des résultats

Percentile par nombre de réponses

% des personnes avec chaque résultat

Votre développement - résultats

Vous n’avez pas pris ce quiz